000 00446nam a2200169Ia 4500
003 LK-CoDNM
008 010623t2005 xxu||||| |||| 00| 1 sin d
040 _aLK-CoDNM
_dLK-CoDNM
_eLK-CoDNM
041 _asin
080 _a294.3 GNA
100 _aGnanananda Thero,Katukurunde.
245 _aහිතක මහිම-ඵක
246 _aHitaka Mahima
260 _bDharma Granta Mudrana Bharaya
_c2005
300 _b26p., 21 cm
942 _cBK
999 _c125330
_d125330